Súčasný model zdaňovania nehnuteľností na Slovensku

Veľmi často diskutovanou otázkou vo sfére územnej samosprávy je problém zabezpečenia jej finančno-ekonomickej samostatnosti. V podstate ide o vytvorenie takých organizačno-právnych, ekonomických, sociálnych a ďalších podmienok, aby obce a vyššie územné celky mohli plniť úlohy, ktoré im vyplývajú v p...

Full description

Saved in:
Bibliographic Details
Main Author: Cakoci, Karin
Other Authors: Olexová, Cecília, 1976-
Format: Book Chapter
Language:Slovak
Subjects:
Tags: Add Tag
No Tags, Be the first to tag this record!

MARC

LEADER 00000naa a2200000 4500
001 0305908
005 20250603134235.5
041 0 |a slo 
044 |a SK 
245 1 0 |a Súčasný model zdaňovania nehnuteľností na Slovensku  |c Karin Cakoci, Cecília Olexová 
520 |a Veľmi často diskutovanou otázkou vo sfére územnej samosprávy je problém zabezpečenia jej finančno-ekonomickej samostatnosti. V podstate ide o vytvorenie takých organizačno-právnych, ekonomických, sociálnych a ďalších podmienok, aby obce a vyššie územné celky mohli plniť úlohy, ktoré im vyplývajú v prvom rade z príslušných právnych predpisov samostatne a nezávisle od iných než vlastných príjmových zdrojov. Od toho, aké príjmové zdroje majú na základe príslušných právnych úprav obce a vyššie územné celky k dispozícii, závisí nielen rozsah úloh, ktoré môžu plniť, ale aj kvalita a efektívnosť ich realizácie. Jedným zo zdrojov príjmov obcí sú miestne dane. V príspevku sa zameriame na daň z nehnuteľností a analýzu súčasného modelu zdaňovania nehnuteľností vrátane posúdenia jeho výhod a úskalí z pohľadu zabezpečovania príjmu obcí na Slovensku. 
610 2 0 |a dane z nehnuteľností 
610 2 0 |a legislatíva 
610 2 0 |a rozpočty verejné 
100 1 |a Cakoci, Karin 
700 1 |a Olexová, Cecília, 1976-